01463nam a22002657a 4500008004100000020001800041082001800059100002200077245007600099260008900175300003100264505059700295546001400892600004700906650005100953650001401004650002501018700002701043700002401070700001701094700002101111700002601132700001701158700002201175150831b xxu||||| |||| 00| 0 eng d a9782711836871 a707.4bB777-l aBourgeois, Louise aLouise Bourgeois : oeuvres récentes = recent works.cLouise Bourgeois a[Bordeaux] :bCapcMusée d'art contemporain de Bordeaux/Serpentine Gallery,c[1997] a131 p.bill. (col.)c28 cm tPréface, foreword / Henry-Claude Cousseau; Julia Peyton-Jones; Bera Nordal y Margarida Veiga - Derriére la tapisserie = Behind the tapestry / Marie-Laure Bernadac - Oeuvres récentes = Recent Works - Effets personnels d`une femme sans secrets = The personal effects of a woman with no secrets / Louise Neri - L.B.: de l`Indicible, des lames, des tissus et de la mode = L.B.: of unmentionable, blades, fabrics and fashion / Paulo Herkenhoff - Bigraphie illustrée =Ilustrated biography - Bibliographie sélective = Selected bibliography - Liste des oeuvres exposées = List of Works.  aFrancés aBourgeois, Louiseb1911-2010vExhibiciones aMuseo de Arte Contemporáneo de Burdeosy1998 aEscultura aArte Contemporáneo aCousseau, Henry-Claude aPeyton-Jones, Julia aNordal, Bera aVeiga, Margarida aBernadac, Marie-Laure aNeri, Louise aHerkenhoff, Paulo